Исследование геохимических показателей экосистем горячих источников; Проблемы геологии и освоения недр; Т. 2

Dades bibliogràfiques
Parent link:Проблемы геологии и освоения недр: труды XVI Международного симпозиума имени академика М. А. Усова студентов и молодых ученых, Томск, 2-7 апреля 2012 г./ Национальный исследовательский Томский политехнический университет (ТПУ), Институт природных ресурсов (ИПР) ; Общество инженеров-нефтяников, Студенческий чаптер ; под ред. О. Г. Савичева.— , 2012
Т. 2.— 2012.— [С. 593-594]
Autor principal: Перминова Т. А. Татьяна Анатольевна
Altres autors: Денисова Е. В. Екатерина Викторовна (научный руководитель), Барановская Н. В. Наталья Владимировна
Sumari:Заглавие с титульного листа
Idioma:rus
Publicat: 2012
Col·lecció:Геоэкология, охрана и защита окружающей среды
Matèries:
Accés en línia:http://www.lib.tpu.ru/fulltext/c/2012/C11/V2/278.pdf
Format: Electrònic Capítol de llibre
KOHA link:https://koha.lib.tpu.ru/cgi-bin/koha/opac-detail.pl?biblionumber=238250

MARC

LEADER 00000nla2a2200000 4500
001 238250
005 20231031205115.0
035 |a (RuTPU)RU\TPU\book\259436 
035 |a RU\TPU\book\259425 
090 |a 238250 
100 |a 20130523d2012 k y0rusy50 ca 
101 0 |a rus 
102 |a RU 
105 |a y z 101zy 
135 |a drcn ---uucaa 
181 0 |a i  
182 0 |a b 
200 1 |a Исследование геохимических показателей экосистем горячих источников  |b Электронный ресурс  |f Т. А. Перминова, Е. В. Денисова  |g науч. рук. Н. В. Барановская 
203 |a Текст  |c электронный 
215 |a 1 файл (455 Кб) 
225 1 |a Геоэкология, охрана и защита окружающей среды 
230 |a Электронные текстовые данные (1 файл : 455 Кб) 
300 |a Заглавие с титульного листа 
320 |a [Библиогр.: с. 594 (3 назв.)] 
337 |a Adobe Reader 
461 1 |0 (RuTPU)RU\TPU\book\252494  |t Проблемы геологии и освоения недр  |o труды XVI Международного симпозиума имени академика М. А. Усова студентов и молодых ученых, Томск, 2-7 апреля 2012 г.  |o в 2 т.  |f Национальный исследовательский Томский политехнический университет (ТПУ), Институт природных ресурсов (ИПР) ; Общество инженеров-нефтяников, Студенческий чаптер ; под ред. О. Г. Савичева  |d 2012 
463 1 |0 (RuTPU)RU\TPU\book\252518  |t Т. 2  |v [С. 593-594]  |d 2012 
610 1 |a труды учёных ТПУ 
610 1 |a электронный ресурс 
610 1 |a геохимические показатели 
610 1 |a экосистемы 
610 1 |a горячие источники 
610 1 |a микробиальные сообщества 
610 1 |a бактериальные маты 
610 1 |a экологическое состояние 
610 1 |a Байкальский регион 
700 1 |a Перминова  |b Т. А.  |g Татьяна Анатольевна 
701 1 |a Денисова  |b Е. В.  |g Екатерина Викторовна 
702 1 |a Барановская  |b Н. В.  |c геохимик  |c профессор Томского политехнического университета, доктор биологических наук  |f 1970-  |g Наталья Владимировна  |2 stltpush  |4 727 
801 1 |a RU  |b 63413507  |c 20130205 
801 2 |a RU  |b 63413507  |c 20180314  |g RCR 
856 4 |u http://www.lib.tpu.ru/fulltext/c/2012/C11/V2/278.pdf 
942 |c CF